000 002720000a22000970004500
100 1 _aPartridge, Chris
245 1 0 _aThe academic study of religions : Contemporary issues and approaches
300 _aVol. 18, Núm 2 (2000), Páginas 39-49
773 0 _tEvangel
942 _cANA
999 _c54425
_d54425